Indian Geography (Record no. 1967)

MARC details
000 -LEADER
fixed length control field 00322 a2200145 4500
000 - LEADER
fixed length control field nam a22 7a 4500
001 - CONTROL NUMBER
control field 1967
005 - DATE AND TIME OF LATEST TRANSACTION
control field 20260416091829.0
100 ## - MAIN ENTRY--PERSONAL NAME
Personal name G, V., Sadanozi
110 ## - MAIN ENTRY--CORPORATE NAME
Corporate name or jurisdiction name as entry element G, V., Sadanozi
245 ## - TITLE STATEMENT
Title Indian Geography
260 ## - PUBLICATION, DISTRIBUTION, ETC.
Name of publisher, distributor, etc. Progress Pub
Date of publication, distribution, etc. 1975
264 ## - PRODUCTION, PUBLICATION, DISTRIBUTION, MANUFACTURE, AND COPYRIGHT NOTICE
Name of producer, publisher, distributor, manufacturer Progress Pub
Date of production, publication, distribution, manufacture, or copyright notice 1975
942 ## - ADDED ENTRY ELEMENTS (KOHA)
Koha item type Books
Holdings
Withdrawn status Lost status Source of classification or shelving scheme Damaged status Not for loan Home library Current library Date acquired Total checkouts Barcode Date last seen Price effective from Koha item type
    Dewey Decimal Classification     Centerville Centerville 16/04/2026   CPL26040021 16/04/2026 16/04/2026 Books